Eurovision Competitors Quiz Stats

 Plays Quiz not verified by Sporcle

Challenge
Share
Tweet
Embed
Score 0/51 Timer 10:00
0 Plays Today
Year of Debut Country % Correct
1958Sweden
98.8%
1956Belgium
97.7%
1956Switzerland
97.7%
1960Norway
97.7%
1964Portugal
97.7%
2007Serbia
97.7%
1956Germany
96.5%
1957Austria
96.5%
1957Denmark
96.5%
1961Finland
96.5%
1974Greece
96.5%
1986Iceland
96.5%
1994Estonia
96.5%
1956France
95.3%
1956Luxembourg
95.3%
1956Netherlands
95.3%
1957United Kingdom
95.3%
1975Turkey
95.3%
1965Ireland
94.2%
1973Israel
94.2%
1993Croatia
94.2%
1994Poland
94.2%
1956Italy
93%
1961Spain
93%
1994Russia
93%
2000Latvia
93%
Year of Debut Country % Correct
2004Albania
93%
1981Cyprus
91.9%
1994Hungary
91.9%
1994Lithuania
91.9%
2007Czech Republic
91.9%
2008San Marino
91.9%
1959Monaco
90.7%
2003Ukraine
90.7%
2006Armenia
90.7%
2008Azerbaijan
90.7%
1971Malta
89.5%
1993Bosnia and Herzegovina
89.5%
1993Slovenia
89.5%
1994Slovakia
89.5%
2004Belarus
89.5%
2007Montenegro
89.5%
2004 Andorra
88.4%
1980Morocco
87.2%
1994Romania
87.2%
1961Yugoslavia
86%
1998Macedonia
86%
2005Bulgaria
86%
2004Serbia and Montenegro
84.9%
2005Moldova
83.7%
2007 Georgia
83.7%

You're not logged in!

Compare scores with friends on all Sporcle quizzes.
OR
Log In

You Might Also Like...

Show Comments

Extras

Top Quizzes Today


Score Distribution

Your Account Isn't Verified!

In order to create a playlist on Sporcle, you need to verify the email address you used during registration. Go to your Sporcle Settings to finish the process.

Report this User

Report this user for behavior that violates our Community Guidelines.

Details: